000 00534nam a2200169Ia 4500
999 _c22255
_d22255
003 OSt
005 20200515090737.0
008 190216s9999||||xx |||||||||||||| ||und||
040 _coclc
082 _a954.83008829
_bKAB/M
100 _aKabeer, V A
_91846
245 0 _aMuslim Monuments In Kerala /
_cV A Kabeer
260 _bVellavoor Publications,
_c1987.
_aTrivandrum:
300 _a66 p
650 0 _aHistory & geography
_vIslamic History
_92271
942 _cBK
_2ddc
_h954.83008829
_iKAB/M
_k954.83008829
_mKAB/M